000 01091cam a22003613a 4500
001 12723633
003 OSt
005 20140310184501.0
008 000927s2000 nyu j 000 1 eng d
010 _a 2002563343
020 _a 0439176832(pbk.)
035 _a(OCoLC)ocm45080971
040 _aIMF
_cIMF
_dJED
_dOCL
_dDLC
042 _alccopycat
050 0 0 _aPZ 7
_b.N736 2000
100 1 _aNix, Garth.
_919379
245 1 0 _aCastle /
_cGarth Nix.
260 _aNew York :
_bScholastic, Inc.,
_c2000.
300 _a215 p. :
_c21 cm.
490 1 _aThe seventh tower ;
_vbk. 2
521 _aG5
526 _c790
650 0 _aScience fiction.
650 0 _aImaginary places
_vFiction.
_928682
655 7 _aAdventure fiction.
_2gsafd
_93061
655 7 _aChildren's stories.
_2lcsh
_93012
710 2 _aCopyright Paperback Collection (Library of Congress)
_5DLC
_9705
800 1 _aNix, Garth.
_tSeventh tower ;
_vbk. 2.
_928683
906 _a7
_bcbc
_ccopycat
_d2
_encip
_f20
_gy-genrareb
942 _2lcc
_cBK-SCHOLAS
999 _c34745
_d34745